Preventívne a ochranné služby

V zmysle zákonnej úpravy je jedným z nástrojov na dosiahnutie účelu BOZP zabezpečovanie preventívnych a ochranných služieb, ktorými sú bezpečnostnotechnická služba a pracovná zdravotná služba. V čom spočíva činnosť preventívnych a ochranných služieb. Akým spôsobom sa na pracovisku realizujú preventí...

Descrizione completa

Salvato in:
Dettagli Bibliografici
Autore principale: Boráková, Lucia
Natura: Capitolo di libro
Lingua:slovacco
Soggetti:
Tags: Aggiungi Tag
Nessun Tag, puoi essere il primo ad aggiungerne!!

MARC

LEADER 00000naa a2200000 4500
001 0197521
005 20231120134903.8
041 0 |a slo 
044 |a SK 
245 1 0 |a Preventívne a ochranné služby  |c Lucia Boráková 
520 |a V zmysle zákonnej úpravy je jedným z nástrojov na dosiahnutie účelu BOZP zabezpečovanie preventívnych a ochranných služieb, ktorými sú bezpečnostnotechnická služba a pracovná zdravotná služba. V čom spočíva činnosť preventívnych a ochranných služieb. Akým spôsobom sa na pracovisku realizujú preventívne a ochranné služby. 
610 2 0 |a bezpečnosť práce 
610 2 0 |a ochrana zdravia 
610 2 0 |a služby 
610 2 0 |a služby zdravotnícke 
610 2 0 |a prevencia 
100 1 |a Boráková, Lucia